<?xml version="1.0" encoding="UTF-8"?>
<collection xmlns="http://www.loc.gov/MARC21/slim">
 <record>
  <leader>01826nam a2200373 a 4500</leader>
  <controlfield tag="001">19050</controlfield>
  <controlfield tag="003">BD-DhAAL</controlfield>
  <controlfield tag="008">090906s2008    nyua     b    001 0 eng d</controlfield>
  <datafield tag="999" ind1=" " ind2=" ">
   <subfield code="c">3821</subfield>
   <subfield code="d">3821</subfield>
  </datafield>
  <datafield tag="010" ind1=" " ind2=" ">
   <subfield code="a">   91038063 </subfield>
  </datafield>
  <datafield tag="020" ind1=" " ind2=" ">
   <subfield code="a">0824785762 (v. 1 : alk. paper)</subfield>
  </datafield>
  <datafield tag="020" ind1=" " ind2=" ">
   <subfield code="a">9780824790202</subfield>
  </datafield>
  <datafield tag="040" ind1=" " ind2=" ">
   <subfield code="a">DNLM/DLC</subfield>
   <subfield code="c">DLC</subfield>
   <subfield code="d">DLC</subfield>
   <subfield code="d">BD-DhAAL</subfield>
  </datafield>
  <datafield tag="082" ind1="0" ind2="0">
   <subfield code="a">615.19</subfield>
   <subfield code="2">20</subfield>
  </datafield>
  <datafield tag="245" ind1="0" ind2="0">
   <subfield code="a">Pharmaceutical dosage forms :</subfield>
   <subfield code="b">parenteral medications /</subfield>
   <subfield code="c">edited by Kenneth E. Avis, Herbert A. Lieberman, Leon Lachman.</subfield>
  </datafield>
  <datafield tag="250" ind1=" " ind2=" ">
   <subfield code="a">Second edition, revised and expanded.</subfield>
  </datafield>
  <datafield tag="260" ind1=" " ind2=" ">
   <subfield code="a">New York :</subfield>
   <subfield code="b">M. Dekker, ;</subfield>
   <subfield code="b">informa healthcare, </subfield>
   <subfield code="c">c2008</subfield>
  </datafield>
  <datafield tag="300" ind1=" " ind2=" ">
   <subfield code="a">xviii, 580 pages :</subfield>
   <subfield code="b">illustrations ;</subfield>
   <subfield code="c">26 cm.</subfield>
  </datafield>
  <datafield tag="362" ind1="0" ind2=" ">
   <subfield code="a">vol. 1</subfield>
  </datafield>
  <datafield tag="504" ind1=" " ind2=" ">
   <subfield code="a">Includes bibliographical references (pages 566-568) and index.</subfield>
  </datafield>
  <datafield tag="541" ind1="1" ind2=" ">
   <subfield code="e">00019050</subfield>
  </datafield>
  <datafield tag="650" ind1=" " ind2="0">
   <subfield code="a">Parenteral solutions.</subfield>
   <subfield code="9">40480</subfield>
  </datafield>
  <datafield tag="650" ind1=" " ind2="0">
   <subfield code="a">Pharmaceutical technology.</subfield>
   <subfield code="9">40481</subfield>
  </datafield>
  <datafield tag="650" ind1=" " ind2="2">
   <subfield code="a">Infusions, Parenteral.</subfield>
   <subfield code="9">40482</subfield>
  </datafield>
  <datafield tag="650" ind1=" " ind2="2">
   <subfield code="a">Technology, Pharmaceutical.</subfield>
   <subfield code="9">40483</subfield>
  </datafield>
  <datafield tag="650" ind1=" " ind2="2">
   <subfield code="a">Pharmacy.</subfield>
   <subfield code="9">43677</subfield>
  </datafield>
  <datafield tag="700" ind1="1" ind2=" ">
   <subfield code="a">Avis, Kenneth E.,</subfield>
   <subfield code="d">1918-</subfield>
   <subfield code="9">40484</subfield>
  </datafield>
  <datafield tag="700" ind1="1" ind2=" ">
   <subfield code="a">Lieberman, Herbert A.,</subfield>
   <subfield code="d">1920-</subfield>
   <subfield code="9">40485</subfield>
  </datafield>
  <datafield tag="700" ind1="1" ind2=" ">
   <subfield code="a">Lachman, Leon,</subfield>
   <subfield code="d">1929-</subfield>
   <subfield code="9">40486</subfield>
  </datafield>
  <datafield tag="852" ind1="4" ind2=" ">
   <subfield code="a">Ayesha Abed Library</subfield>
   <subfield code="j">General Stacks</subfield>
  </datafield>
  <datafield tag="942" ind1=" " ind2=" ">
   <subfield code="2">ddc</subfield>
   <subfield code="c">BK</subfield>
  </datafield>
  <datafield tag="952" ind1=" " ind2=" ">
   <subfield code="0">0</subfield>
   <subfield code="1">0</subfield>
   <subfield code="2">ddc</subfield>
   <subfield code="4">0</subfield>
   <subfield code="6">615_190000000000000_PHA_2008</subfield>
   <subfield code="7">0</subfield>
   <subfield code="9">3473</subfield>
   <subfield code="a">BRACUL</subfield>
   <subfield code="b">BRACUL</subfield>
   <subfield code="c">GEN</subfield>
   <subfield code="d">2009-09-01</subfield>
   <subfield code="e">Karim International</subfield>
   <subfield code="g">5170.00</subfield>
   <subfield code="l">0</subfield>
   <subfield code="o">615.19 PHA</subfield>
   <subfield code="p">3010019050</subfield>
   <subfield code="r">2009-09-07</subfield>
   <subfield code="t">1</subfield>
   <subfield code="v">10340.00</subfield>
   <subfield code="w">2009-09-07</subfield>
   <subfield code="y">BK</subfield>
  </datafield>
  <datafield tag="952" ind1=" " ind2=" ">
   <subfield code="0">0</subfield>
   <subfield code="1">0</subfield>
   <subfield code="2">ddc</subfield>
   <subfield code="4">0</subfield>
   <subfield code="6">615_190000000000000_PHA_2008</subfield>
   <subfield code="7">0</subfield>
   <subfield code="9">3613</subfield>
   <subfield code="a">BRACUL</subfield>
   <subfield code="b">BRACUL</subfield>
   <subfield code="c">GEN</subfield>
   <subfield code="d">2009-08-30</subfield>
   <subfield code="e">Karim International</subfield>
   <subfield code="g">5170.00</subfield>
   <subfield code="l">0</subfield>
   <subfield code="o">615.19 PHA</subfield>
   <subfield code="p">3010019051</subfield>
   <subfield code="r">2009-09-15</subfield>
   <subfield code="t">2</subfield>
   <subfield code="v">10340.00</subfield>
   <subfield code="w">2009-09-15</subfield>
   <subfield code="y">BK</subfield>
  </datafield>
  <datafield tag="952" ind1=" " ind2=" ">
   <subfield code="0">0</subfield>
   <subfield code="1">0</subfield>
   <subfield code="2">ddc</subfield>
   <subfield code="4">0</subfield>
   <subfield code="6">615_190000000000000_PHA_2008</subfield>
   <subfield code="7">0</subfield>
   <subfield code="9">3614</subfield>
   <subfield code="a">BRACUL</subfield>
   <subfield code="b">BRACUL</subfield>
   <subfield code="c">GEN</subfield>
   <subfield code="d">2009-08-30</subfield>
   <subfield code="e">Karim International</subfield>
   <subfield code="g">5170.00</subfield>
   <subfield code="l">1</subfield>
   <subfield code="o">615.19 PHA</subfield>
   <subfield code="p">3010019052</subfield>
   <subfield code="r">2010-06-15</subfield>
   <subfield code="s">2010-06-14</subfield>
   <subfield code="t">3</subfield>
   <subfield code="v">10340.00</subfield>
   <subfield code="w">2009-09-15</subfield>
   <subfield code="y">BK</subfield>
  </datafield>
 </record>
</collection>
